000 00847cam a2200229 a 4500
001 000013459
005 20200929163233.0
008 840808s1969 mx a 001 0 spa
040 _aDO-SdBNP
_bspa
_cDLC
_dBNPHU
082 _a335.8284
_bD176s
100 1 _aDandler H., Jorge.
_930744
245 1 3 _aEl sindicalismo campesino en Bolivia :
_blos cambios estructurales en ucureña /
_cJorge Dandler H.
260 _aMéxico, D. F. :
_bInstituto Indigenista Interamericano,
_c1969.
300 _ax, 197 p. :
_bil. ;
_c19 cm.
490 1 _aAntropología Social,
_v11
650 4 _aSindicalismo
_zBolivia
_930745
650 4 _aTrabajadores agrícolas
_xSindicatos de trabajadores
_zBolivia
_930746
651 4 _aBolivia
_xCondiciones Rurales
_930747
830 0 _aAntropología Social,
_v11
_916772
910 _aCatalogación por copia/LC
049 _aBNGR
999 _c13084
_d13084